000 00911cam a22001814a 4500
005 20250605164352.0
008 250528s ||||||||||||||||||||||||d
035 _a24144
040 _aGR-AtMCL
_bgre
_dGR-AtMCL
_eAACR2
245 1 _aApplied Stochastic Models and Data Analysis
260 _bWiley,
_c1992
300 _a70
520 _aA Note about the Gaussian Property of the Brownian Bridge, Semantics and Factor Analysis: An Approach to the Interpretation of Factors, Estimation of Stress-Strength Reliability Based on Tail-Modelling, A Simple Proof for the Matrix-Geometric Theorem, Considerations on Modelling the Market for Softwood Lumber in the United States, Discriminant Versus Rough Sets Approach to Vague Data Analysis, Interaction Between Data Analysis and Telecommunications.
700 1 _aJanssen, J
_99413
942 _cCR
999 _c9042
_d9042